000 00979cam a22002893a 4500
001 3331
003 PGUSA
005 20140828083030.0
008 020701s2002||||xxu|||||s|||||000 | eng d
040 _aPGUSA
_beng
042 _adc
050 4 _aDA
100 1 _aPepys, Samuel,
_d1633-1703
245 1 4 _aThe Diary of Samuel Pepys
_h[electronic resource] /
_cSamuel Pepys
260 _bProject Gutenberg,
_c2002
506 _aPublic domain in the USA.
516 _aElectronic text
653 _aPepys, Samuel, 1633-1703 -- Diaries
653 _aGreat Britain -- History -- Charles II, 1660-1685 -- Sources
653 _aDiarists -- Great Britain -- Diaries
653 _aCabinet officers -- Great Britain -- Diaries
653 _aGreat Britain -- Social life and customs -- 17th century -- Sources
700 1 _aBraybrooke, Richard Griffin, Baron,
_d1783-1858
830 0 _aProject Gutenberg
_v3331
856 4 0 _uhttp://www.gutenberg.org/ebooks/3331
942 _cEB
999 _c232660
_d232660